|
|
|
|
| LEADER |
00000naa2a2200000 4500 |
| 001 |
632652 |
| 005 |
20250917071654.0 |
| 035 |
|
|
|a (RuTPU)RU\TPU\conf\34373
|
| 035 |
|
|
|a RU\TPU\conf\34372
|
| 090 |
|
|
|a 632652
|
| 100 |
|
|
|a 20210301d2020 k y0rusy50 ca
|
| 101 |
0 |
|
|a rus
|
| 102 |
|
|
|a RU
|
| 105 |
|
|
|a y z 101zy
|
| 135 |
|
|
|a drcn ---uucaa
|
| 181 |
|
0 |
|a i
|
| 182 |
|
0 |
|a b
|
| 200 |
1 |
|
|a Температурная зависимость коэффициента диффузии водорода в альфа-цирконии
|d Temperature dependence of hydrogen diffusion coefficient in alpha-zirconium
|f Л. А. Святкин, И. П. Чернов
|
| 203 |
|
|
|a Текст
|c электронный
|
| 300 |
|
|
|a Заглавие с титульного экрана
|
| 320 |
|
|
|a [Библиогр.: с. 186 (4 назв.)]
|
| 330 |
|
|
|a A scheme is proposed for calculating the diffusion coefficient, taking into account the contribution of all possible migration paths. The temperature dependence of the diffusion coefficients of hydrogen along the hexagonal axis (Dz) and in the basal plane (Dxy) of the zirconium lattice is calculated. It has been found that an increase in temperature leads to a decrease in the Dz/Dxy ratio of the coefficients.
|
| 463 |
|
1 |
|0 (RuTPU)RU\TPU\conf\34302
|t Современные технологии, экономика и образование
|o сборник материалов II Всероссийской научно-методической конференции, г. Томск, 2-4 сентября 2020 г.
|f Национальный исследовательский Томский политехнический университет ; под ред. А. Г. Фефеловой, Е. А. Покровской, И. О. Болотиной [и др.]
|v [С. 185-186]
|d 2020
|
| 510 |
1 |
|
|a Temperature dependence of hydrogen diffusion coefficient in alpha-zirconium
|z eng
|
| 610 |
1 |
|
|a электронный ресурс
|
| 610 |
1 |
|
|a труды учёных ТПУ
|
| 610 |
1 |
|
|a температурные зависимости
|
| 610 |
1 |
|
|a коэффициент диффузии
|
| 610 |
1 |
|
|a водород
|
| 610 |
1 |
|
|a альфа-цирконий
|
| 610 |
1 |
|
|a сплавы циркония
|
| 610 |
1 |
|
|a ядерные реакторы
|
| 610 |
1 |
|
|a конструкционные материалы
|
| 610 |
1 |
|
|a диффузионные барьеры
|
| 700 |
|
1 |
|a Святкин
|b Л. А.
|c физик
|c доцент Томского политехнического университета, Кандидат физико-математических наук
|f 1988-
|g Леонид Александрович
|3 (RuTPU)RU\TPU\pers\30790
|9 15046
|
| 701 |
|
1 |
|a Чернов
|b И. П.
|c физик
|c профессор Томского политехнического университета, доктор физико-математических наук
|f 1935-2025
|g Иван Петрович
|x TPU
|y Томск
|3 (RuTPU)RU\TPU\pers\12909
|9 3694
|
| 712 |
0 |
2 |
|a Национальный исследовательский Томский политехнический университет
|b Инженерная школа ядерных технологий
|b Отделение экспериментальной физики
|3 (RuTPU)RU\TPU\col\23549
|
| 801 |
|
2 |
|a RU
|b 63413507
|c 20210305
|g RCR
|
| 856 |
4 |
|
|u http://earchive.tpu.ru/handle/11683/64690
|
| 942 |
|
|
|c BK
|